DIREKTORI laman web jabatan dan agensi kerajaan Malaysia

Bibliographic Details
Format: Book
Published: Kuala Lumpur : Perpustakaan Negara Malaysia , 2001
Subjects:

MARC

LEADER 00000cam a2200000 7i4500
001 0000002527
005 20030721.0
020 0 0 |a 9679311163 
090 0 0 |a R351.00030309595   |b DIR 2001 
245 0 0 |a DIREKTORI laman web jabatan dan agensi kerajaan Malaysia 
260 0 0 |a Kuala Lumpur :   |b Perpustakaan Negara Malaysia ,   |c 2001 
300 |a vi, 98 p.col. ill. ;   |c 30 cm. 
650 0 0 |a Administrative agencies   |z Malaysia   |x Computer network resources   |x Directories 
650 0 0 |a Internet addresses   |x Directories 
650 0 0 |a Web sites   |z Malaysia   |x Directories 
998 |a JPSM 
999 |a 0000004705   |b Monograph   |c Reference   |e Default branch